1680 1563 1275 1774 1659 1001 1190 1178 1289 1871 1361 1612 1121 1182 1969 1115 1071 1494 1081 1551 1405 1872 1343 1143 1447 1836 1087 1857 1930 1917 1762 1546 1710 1180 1307 1532 1284 1308 1453 1258 1465 1708 1542 1763 1605 1368 1711 1200 1955 1212 1112 1975 1147 1023 1735 1502 1375 1754 1775 1387 1195 1747 1670 1326 1328 1887 1282 1837 1144 1031 1141 1080 1743 1434 1349 1899 1578 1450 1592 1872 1315 1360 1619 1027 1056 1643 1592 1716 1557 1854 1972 1450 1396 1797 1677 1908 1427 1589 1464 BCNSPRNW ULIB Ver.6.0+V

เปลี่ยนเป็นภาษาไทย

Change to English
 แสดงรายละเอียดบรรณานุกรม
  กลับหน้าหลัก

Brief Record : Get Marc (ISO 2709) : E-mail record : QR code < ปิดหน้าต่าง
LEADER : 00000nam 2200000uu 4500
001    13399108298
003     ULIB
008    110227s2553||||th 000 0 tha d
020    9789749781333
060  4 WY159^bก125ก 2553
100 0  กนกวรรณ ฉันธนะมงคล
110 1  มหาวิทยาลัยหัวเฉียวเฉลิมพระเกียรติ^bคณะพยาบาลศาสตร์
245 00 การพยาบาลทารกแรกเกิด/^cกนกวรรณ ฉันธนะมงคล
250    พิมพ์ครั้งที่ 2
260    สมุทรปราการ:^bโครงการสำนักพิมพ์มหาวิทยาลัยหัวเฉียวเฉลิมพระเกียรติ,^c2553
300    279 หน้า:^bภาพประกอบ
650  7 ทารกแรกเกิด
945    ^p220^l0^i17103
945    ^p220^l0^i17936
945    ^p220^l0^i17937
945    ^p220^l0^i17938
945    ^p220^l0^i17939
945    ^p220^l0^i17940
995     เกษร
999    ^aใช้งานได้ทุกระบบ
รายการนี้ยังไม่มีแท็ก
คุณยังไม่ได้ล็อกอิน คุณสามารถมีกิจกรรมร่วมกับเว็บไซต์ได้ แต่ต้องล็อกอินก่อน ::
  ล็อกอิน

รายการสื่อสารสนเทศ

ลำดับที่ ประเภท เลขเรียก/บาร์โค้ด สถานที่ สถานะ
1. วิทยาศาสตร์การแพทย์ และสุขภาพ
วิทยาศาสตร์การแพทย์ และสุขภาพ
WY159 ก125ก 2553  
  Barcode: 17103
ห้องสมุดวิทยาเขตนครสวรรค์
►ส่วนจัดเก็บหนังสือเก่า นว.
บนชั้น
  ขอยืม
2. วิทยาศาสตร์การแพทย์ และสุขภาพ
วิทยาศาสตร์การแพทย์ และสุขภาพ
WY159 ก125ก 2553 ฉ.2 
  Barcode: 17936
ห้องสมุดวิทยาเขตนครสวรรค์
►ส่วนจัดเก็บหนังสือเก่า นว.
บนชั้น
  ขอยืม
3. วิทยาศาสตร์การแพทย์ และสุขภาพ
วิทยาศาสตร์การแพทย์ และสุขภาพ
WY159 ก125ก 2553 ฉ.3 
  Barcode: 17937
ห้องสมุดวิทยาเขตนครสวรรค์
►ส่วนจัดเก็บหนังสือเก่า นว.
บนชั้น
  ขอยืม
4. วิทยาศาสตร์การแพทย์ และสุขภาพ
วิทยาศาสตร์การแพทย์ และสุขภาพ
WY159 ก125ก 2553 ฉ.4 
  Barcode: 17938
ห้องสมุดวิทยาเขตนครสวรรค์
►ส่วนจัดเก็บหนังสือเก่า นว.
บนชั้น
  ขอยืม
5. วิทยาศาสตร์การแพทย์ และสุขภาพ
วิทยาศาสตร์การแพทย์ และสุขภาพ
WY159 ก125ก 2553 ฉ.5 
  Barcode: 17939
ห้องสมุดวิทยาเขตนครสวรรค์
►ส่วนจัดเก็บหนังสือเก่า นว.
บนชั้น
  ขอยืม

รายการใกล้เคียง
    ผู้แต่ง [กนกวรรณ ฉันธนะมงคล]

    หัวเรื่อง [ทารกแรกเกิด]

BibComment


ยังไม่เคยถูกคอมเมนท์

คอมเมนท์ทรัพยากรรายการนี้
  คอมเมนท์: การพยาบาลทารกแรกเ..


 Copyright 2026. Bcnsprnw @Library